01197 a2200217 4500003000500000005001700005010001700022020002800039040000900067082001500076100002000091245010500111260003400216300006700250505038500317650003400702650003400736700002600770856009100796856009200887NUST20221230184442.0 a 2003042439 a0387954317 (alk. paper) cNust00a363.58,MAL aMaltoni, Davide00aHandbook of fingerprint recognition /cDavide Maltoni, Dario maio, Anil k. Jain, and Salil Prabhakar aNew York :bSpringer,cc2003. axii, 348 p. :bill. ;c24 cm. +e1 computer CD-ROM (4 3/4 in.) aIntroduction (Page-1), Fingerprint Sensing (Page-53), Fingerprint Analysis and Representation (Page-83), Finger print Matching(Page-131), Fingerprint Classification and Indexing (Page-173), Synthetic Fingerprint Generation (Page-203), Multimodel Biometric Systems (Page-233), Fingerprint Individuality (Page-257), Securing Fingerprint Systems (Page-281), Bibliography (Page-311).  0aFingerprintsxClassification. 0aFingerprintsxIdentification.1 aJain, Anil K.,d1948-423Publisher descriptionuhttp://www.loc.gov/catdir/enhancements/fy0817/2003042439-d.html423Table of contents onlyuhttp://www.loc.gov/catdir/enhancements/fy0817/2003042439-t.html